عرض عادي عرض مارك

مدخل Personal Name

عدد التسجيلات المستخدمة في: 1

001 - CONTROL NUMBER

  • control field: 10615

003 - CONTROL NUMBER IDENTIFIER

  • control field: DLC

005 - DATE AND TIME OF LATEST TRANSACTION

  • control field: 20260217152053.0

008 - FIXED-LENGTH DATA ELEMENTS

  • fixed length control field: 100215n| azannaabn |a aaa c

010 ## - LIBRARY OF CONGRESS CONTROL NUMBER

  • LC control number: no2010025884

035 ## - SYSTEM CONTROL NUMBER

  • System control number: (OCoLC)oca08395022

040 ## - CATALOGING SOURCE

  • Original cataloging agency: UPB
  • Language of cataloging: eng
  • Description conventions: rda
  • Transcribing agency: UPB
  • Modifying agency: DLC

100 1# - HEADING--PERSONAL NAME

  • Personal name: ‏ابن ابي الحديد، عبد الحميد بن هبة الله
  • Dates associated with a name: 1191-1257 او 1258.
  • Title of a work: شرح نهج البلاغة

400 1# - SEE FROM TRACING--PERSONAL NAME

  • Control subfield: nnea
  • Personal name: Ibn Abī al-Ḥadīd, ʻAbd al-Ḥamīd ibn Hibat Allāh,
  • Dates associated with a name: 1191-1257 or 8.
  • Title of a work: Sharḥ Nahj al-balāghah

500 ## - SEE ALSO FROM TRACING--PERSONAL NAME

  • Personal name: Ibn Abī al-Ḥadīd, ʻAbd al-Ḥamīd ibn Hibat Allāh
  • Dates associated with a name: 1191-1257 or 1258.
  • Title of a work: Sharḥ Nahj al-balāghah

670 ## - SOURCE DATA FOUND

  • Source citation: Nahj al-balāghah, between 1900 and 1914?

905 ## - cataloger

  • cataloger: Auth_BKS
Cairo University Libraries Portal Implemented & Customized by: Eng. M. Mohamady Contacts: new-lib@cl.cu.edu.eg | cnul@cl.cu.edu.eg
CUCL logo CNUL logo
© All rights reserved — Cairo University Libraries
CUCL logo
Implemented & Customized by: Eng. M. Mohamady Contact: new-lib@cl.cu.edu.eg © All rights reserved — New Central Library
CNUL logo
Implemented & Customized by: Eng. M. Mohamady Contact: cnul@cl.cu.edu.eg © All rights reserved — Cairo National University Library